| 000 | 01371cam a2200301 4500 | ||
|---|---|---|---|
| 999 |
_c118739 _d118739 |
||
| 003 | BJBSDDR | ||
| 005 | 20230805181416.0 | ||
| 007 | ta | ||
| 008 | 060907s2021 sp spa | ||
| 020 | _a9788466353120 | ||
| 020 | _a8466353127 | ||
| 040 |
_bspa _cBJBSDDR |
||
| 041 | _aspa | ||
| 050 | 1 | 4 |
_aPN 1994 _bC117c 2021 |
| 100 | 1 |
_aCabrera Infante, G. _q(Guillermo), _d1929-2005. |
|
| 245 | 1 | 0 |
_aCine o sardina / _cGuillermo Cabrera Infante |
| 260 |
_aBarcelona : _bPenguin Random House, _c2021 |
||
| 300 |
_a497 páginas ; _c19 cm. |
||
| 490 | 1 | _aContemporánea, Debolsillo, | |
| 500 | _aIndice | ||
| 505 | _u | ||
| 520 | _aTercera y ultima colección de artículos cinematográficos del autor, Cine o sardina (1997) rinde homenaje a la alternativa que le ofrecían a Guillermo Cabrera Infante en su niñez, cuando el presupuesto familiar solo alcanzaba para la cena o la función. El escritor , sin dudarlo, se alimentó, desde entonces de cine. En las piezas aquí reunidas vuelve la vista sobre un tesoro personal que se extiende hasta Chaplin y los hermanos Lumiére , pero que también hace sitio a Martin Scorsese, Steven Spielberg e incluso Quentin Tarantino | ||
| 586 | _a"Premio Cervantes" | ||
| 650 | 4 |
_924320 _aCine _xCrítica e interpretación |
|
| 830 | 0 |
_910906 _aContemporánea (Debolsillo) |
|
| 942 |
_2lcc _cBK |
||
| 946 | _irmza | ||